000 00915cam a22002054a 4500
005 20250605164211.0
008 250528s ||||||||||||||||||||||||d
035 _a20258
020 _a1856423662
040 _aGR-AtMCL
_bgre
_dGR-AtMCL
_eAACR2
245 1 _aEthnicity and Healthcare Practice / A Guide for the Primary Care Team
260 _bQuay Books,
_c2010
300 _a124
520 _aA Concise and accessible guide for students and Healthcare Professionals. Introduction, Race and Racism and Ethnicity and Culture, Ethnic Groups in the UK, Managing Diversity in Healthcare Practice, Language and Communication Support, Specific Conditions, Disease in Context: Family and Community, Mental Health and Substance Use, Refugees and Asylum Seekers, Further Resources, Index.
700 1 _aCulley Lorraine
_96276
700 1 _aDyson Simon
_96277
942 _cBK
999 _c5389
_d5389